00558nam a2200169 a 45000010005000000030005000050050017000100080041000270400020000681000030000882450115001182600048002333000011002816000039002926500032003316500025003632950CDMR20131118170655.0130130s1956||||||||||||||||||||||||||||d aCDMRbcatcCDMR1 aEnciso Recio, Luis Miguel10aNipho y el periodismo español del siglo XVIIIcLuis miguel Enciso Recio ; prólogo de Vicente Palacio Atard aValladolidc1956bUniversidad de Valladolid a430 p.1 aNifo, Francisco Marianod1719-180304aPremsaxHistòriazEspanya aPremsavBibliografia